Rivista di filologia e d'istruzione classica / (Record no. 2164)
[ view plain ]
| 000 -LEADER | |
|---|---|
| campo de control de longitud fija | 00673nas a2200229 i 4500 |
| 001 - NÚMERO DE CONTROL | |
| campo de control | 2164 |
| 003 - IDENTIFICADOR DE NÚMERO DE CONTROL | |
| campo de control | ES-MaACL |
| 005 - FECHA Y HORA DE LA ÚLTIMA TRANSACCIÓN | |
| campo de control | 20250217134535.0 |
| 008 - DATOS DE LONGITUD FIJA--INFORMACIÓN GENERAL | |
| campo de control de longitud fija | 950801d18731943it | | 1 ||ta d |
| 080 ## - NÚMERO DE LA CLASIFICACIÓN DECIMAL UNIVERSAL | |
| Número de la Clasificación Decimal Universal | 45 |
| 245 00 - MENCIÓN DEL TÍTULO | |
| Título | Rivista di filologia e d'istruzione classica / |
| Mención de responsabilidad, etc. | dir. G. Müller e D. Pezzi. |
| 260 ## - PUBLICACIÓN, DISTRIBUCIÓN, ETC. | |
| Lugar de publicación, distribución, etc. | Torino, etc : |
| Nombre del editor, distribuidor, etc. | Ermanno Loescher, |
| Fecha de publicación, distribución, etc. | 1873-1943 ( |
| Fabricante | Bona) |
| 300 ## - DESCRIPCIÓN FÍSICA | |
| Extensión | 13 v. ; |
| Dimensiones | 23 cm. |
| 310 ## - PERIODICIDAD ACTUAL | |
| Periodicidad actual | Mensual |
| 362 0# - FECHAS DE PUBLICACIÓN Y/O DESIGNACIÓN SECUENCIAL | |
| Fecha de publicación y/o designación secuencial | Año I (1873)-1943. |
| 650 14 - PUNTO DE ACCESO ADICIONAL DE MATERIA--TÉRMINO DE MATERIA | |
| Término de materia o nombre geográfico como elemento de entrada | Lingüística. Filología. |
| 9 (RLIN) | 14477 |
| 700 1# - ENTRADA AGREGADA--NOMBRE PERSONAL | |
| Nombre de persona | Müller, G. |
| 9 (RLIN) | 84123 |
| 700 1# - ENTRADA AGREGADA--NOMBRE PERSONAL | |
| Nombre de persona | Pezzi, D, |
| Término indicativo de función/relación | |
| 9 (RLIN) | 194414 |
| 852 ## - LOCALIZACIÓN | |
| Ubicación | ES-MaACL |
| Número de control de estantería | Hem-172 |
| 866 #0 - MENCIÓN TEXTUAL DE FONDOS--UNIDAD BIBLIOGRÁFICA BÁSICA | |
| Fondos | 1874-82,1884-86. |
| Estatus retirado | Estado de pérdida | Estado de daño | No para préstamo | Colección | Biblioteca de origen | Biblioteca actual | Ubicación en estantería | Fecha de adquisición | Fuente de adquisición | Total de préstamos | Signatura topográfica completa | Código de barras | Visto por última vez | Precio de reemplazo | Tipo de ítem Koha |
|---|---|---|---|---|---|---|---|---|---|---|---|---|---|---|---|
| Periódicos y Revistas | Biblioteca del Ateneo de Madrid | Biblioteca del Ateneo de Madrid | Depósito 1 | 17/01/2008 | Hem-172 | 1002203 | 23/02/2023 | 23/02/2023 | Revista |
